[Event "SM-2010-0-00138"]
[Site "LSS email"]
[Date "2011.01.07"]
[Round "?"]
[White "Stilman, Eduardo"]
[Black "Dos Santos, Marcos Antonio Melo"]
[Result "1/2-1/2"]
[WhiteElo "2072"]
[BlackElo "2281"]
[PlyCount "68"]
[EventDate "2010.12.28"]
[EventType "tourn (corr)"]
[EventRounds "6"]
[EventCountry "GER"]
[SourceTitle "Telechess CBM 153"]
[Source "ChessBase"]
[SourceDate "2013.03.14"]
[SourceVersion "1"]
[SourceVersionDate "2013.03.14"]
[SourceQuality "1"]

1. e4 c5 2. Nc3 e6 3. Nf3 Nc6 4. d4 cxd4 5. Nxd4 Qc7 6. Be3 a6 7. Qd2 Nf6 8. 0-0-0 Bb4 9. f3 0-0 10. g4 b5 11. Kb1 Ne5 12. g5 Bxc3 13. Qxc3 Qxc3 14. bxc3 Nh5 15. Nb3 f5 16. gxf6 Nxf6 17. Be2 Nc4 18. Bd4 Rb8 19. Kc1 d6 20. Nd2 Ne5 21. c4 Nh5 22. Rhg1 Ng6 23. Nb3 Rf7 24. cxb5 axb5 25. Be3 Nhf4 26. Bf1 d5 27. Rg5 b4 28. Kb2 Bd7 29. Nc5 Bb5 30. Bxb5 Rxb5 31. exd5 exd5 32. Nb3 h6 33. Nd4 Ra5 34. Rf5 Ng2 1/2-1/2

[Event "LSS RA-2010-0-00113"]
[Site "LSS email"]
[Date "2010.12.24"]
[Round "?"]
[White "Rovchakov, Vladimir Petrovich"]
[Black "Stilman, Eduardo"]
[Result "1/2-1/2"]
[WhiteElo "2128"]
[BlackElo "2127"]
[PlyCount "38"]
[EventDate "2010.10.31"]
[EventType "tourn (corr)"]
[EventRounds "6"]
[EventCountry "GER"]
[SourceTitle "Telechess CBM 145"]
[Source "Chessbase"]
[SourceDate "2011.11.11"]
[SourceVersion "1"]
[SourceVersionDate "2011.11.11"]
[SourceQuality "1"]

1. e4 e5 2. Nf3 Nc6 3. Bb5 a6 4. Ba4 Nf6 5. 0-0 b5 6. Bb3 Bb7 7. d3 Be7 8. c4 bxc4 9. Bxc4 0-0 10. Nc3 d6 11. a3 Nd4 12. Be3 c5 13. b4 cxb4 14. axb4 d5 15. Nxd5 Nxf3+ 16. Qxf3 Nxd5 17. exd5 Bxb4 18. Rfc1 Re8 19. Bb3 a5 1/2-1/2

[Event "LSS RA-2010-0-00113"]
[Site "LSS email"]
[Date "2010.12.24"]
[Round "?"]
[White "Stepanov, Konstantin Vasiliev"]
[Black "Stilman, Eduardo"]
[Result "1/2-1/2"]
[WhiteElo "2072"]
[BlackElo "2127"]
[PlyCount "40"]
[EventDate "2010.10.31"]
[EventType "tourn (corr)"]
[EventRounds "6"]
[EventCountry "GER"]
[SourceTitle "Telechess CBM 145"]
[Source "Chessbase"]
[SourceDate "2011.11.11"]
[SourceVersion "1"]
[SourceVersionDate "2011.11.11"]
[SourceQuality "1"]

1. Nf3 Nf6 2. c4 g6 3. g3 Bg7 4. Bg2 c6 5. Nc3 d5 6. cxd5 cxd5 7. 0-0 0-0 8. d4 Ne4 9. Ne5 Nc6 10. Nxc6 bxc6 11. Nxe4 dxe4 12. Be3 Bf5 13. Qc2 Qd5 14. Rfd1 Rfd8 15. b3 Qe6 16. Rac1 Rd6 17. Qc5 Qd7 18. Rd2 Rd8 19. Rcd1 Rd5 20. Qc2 Qe6 1/2-1/2

[Event "LSS RA-2010-0-00113"]
[Site "LSS email"]
[Date "2010.12.24"]
[Round "?"]
[White "Stilman, Eduardo"]
[Black "Caillet, Serge"]
[Result "0-1"]
[WhiteElo "2127"]
[BlackElo "2032"]
[PlyCount "52"]
[EventDate "2010.10.31"]
[EventType "tourn (corr)"]
[EventRounds "6"]
[EventCountry "GER"]
[SourceTitle "Telechess CBM 145"]
[Source "Chessbase"]
[SourceDate "2011.11.11"]
[SourceVersion "1"]
[SourceVersionDate "2011.11.11"]
[SourceQuality "1"]

1. e4 c5 2. Nc3 Nc6 3. Bb5 g6 4. Bxc6 bxc6 5. d3 Bg7 6. Bd2 Rb8 7. b3 Nf6 8. Nf3 0-0 9. h3 d6 10. Rb1 e5 11. 0-0 h6 12. Qc1 Kh7 13. Qa3 Qc7 14. Ne2 Be6 15. Ng3 Rb7 16. Rfe1 Nd7 17. Ba5 Qc8 18. Rbd1 d5 19. Bd2 f5 20. exf5 gxf5 21. c4 Rg8 22. Kf1 f4 23. Ne2 Bf5 24. Bc1 Nf8 25. Nc3 Bh8 26. Qxc5 Rxg2 0-1

[Event "LSS SA-2010-0-00165"]
[Site "LSS email"]
[Date "2010.11.15"]
[Round "?"]
[White "Stilman, Eduardo"]
[Black "Schild, Reinhard"]
[Result "1-0"]
[WhiteElo "2072"]
[BlackElo "2014"]
[PlyCount "93"]
[EventDate "2010.10.21"]
[EventType "tourn (corr)"]
[EventRounds "6"]
[EventCountry "GER"]
[SourceTitle "Telechess CBM 149"]
[Source "ChessBase"]
[SourceDate "2012.07.17"]
[SourceVersion "1"]
[SourceVersionDate "2012.07.17"]
[SourceQuality "1"]

1. e4 e5 2. Nf3 Nc6 3. Bb5 a6 4. Ba4 Nf6 5. 0-0 Be7 6. d3 d6 7. c3 0-0 8. Re1 b5 9. Bc2 Re8 10. Nbd2 Bf8 11. Nf1 h6 12. Ng3 Bb7 13. d4 g6 14. a4 exd4 15. cxd4 Nb4 16. Bb1 c5 17. Bd2 Qd7 18. axb5 axb5 19. Rxa8 Rxa8 20. Bxb4 cxb4 21. Bd3 Ra2 22. Qd2 Qd8 23. Qxb4 Qa5 24. Qxa5 Rxa5 25. Nd2 Be7 26. Rb1 Bd8 27. f3 Bb6 28. Ne2 Ra4 29. b4 Bc6 30. Kf2 Bd7 31. Ke3 Ra2 32. h4 Kg7 33. Nc3 Bxd4+ 34. Kxd4 Rxd2 35. g4 Bc6 36. Ke3 Rg2 37. Nxb5 d5 38. Nd6 dxe4 39. Nxe4 Nd5+ 40. Kd4 Nb6 41. b5 Bb7 42. Ra1 Rh2 43. Ra7 Bxe4 44. Bxe4 Rd2+ 45. Bd3 g5 46. hxg5 hxg5 47. Ra6 1-0